书目信息 |
| 题名: |
摄影图片编辑学
|
|
| 作者: | 康大荃 著 | |
| 分册: | ||
| 出版信息: | 沈阳 辽宁美术出版社 1997.7 |
|
| 页数: | 210页 | |
| 开本: | 21cm | |
| 丛书名: | ||
| 单 册: | ||
| 中图分类: | G213 | |
| 科图分类: | ||
| 主题词: | 新闻摄影-图片-新闻工作:编辑工作--高等学校--教材 | |
| 电子资源: | ||
| ISBN: | 7-5314-1694-8 | |
| 000 | 00579nam0 2200205 45 | |
| 001 | 0006271069 | |
| 005 | 20040427152229.9 | |
| 010 | @a7-5314-1694-8@dCNY22.80 | |
| 100 | @a20000627d1997 km y0chiy0120 ea | |
| 101 | @achi | |
| 105 | @a z 000yy | |
| 200 | 1 | @a摄影图片编辑学@f康大荃著 |
| 210 | @a沈阳@c辽宁美术出版社@d1997.7 | |
| 215 | @a210页@c图@d21cm | |
| 300 | @a北京电影学院图片摄影专业系列教材 | |
| 606 | 0 | @a新闻摄影-图片-新闻工作:编辑工作@x高等学校@x教材 |
| 690 | @aG213@v1 | |
| 701 | @a康大荃@4著 | |
| 801 | @aCN@bTSTC@c20000627 | |
| 905 | @dG213@e112@f2@b289373-374 | |
| 摄影图片编辑学/康大荃著.-沈阳:辽宁美术出版社,1997.7 |
| 210页:图;21cm |
| 北京电影学院图片摄影专业系列教材 |
| ISBN 7-5314-1694-8:CNY22.80 |
| ● |
| 相关链接 |
|
|
|
|
正题名:摄影图片编辑学
索取号:G213/112
 
预约/预借
| 序号 | 登录号 | 条形码 | 馆藏地/架位号 | 状态 | 备注 |
| 1 | 0289373 | 002893738 | 密集书库/ [索取号:G213/112] | 在馆 | |
| 2 | 0289374 | 002893747 | 第四借阅区/ [索取号:G213/112] | 在馆 | |
| 3 | 0289375 | 002893756 | 第一样本阅览室/ [索取号:G213/112] | 在馆 |